पड़ोस की खुशबु / (Record no. 112652)

MARC details
000 -LEADER
fixed length control field 01029nam a22002537a 4500
005 - DATE AND TIME OF LATEST TRANSACTION
control field 20170124102942.0
010 ## - LIBRARY OF CONGRESS CONTROL NUMBER
LC control number A-955362
020 ## - INTERNATIONAL STANDARD BOOK NUMBER
Terms of availability 150.00
International Standard Book Number 8187368096
035 ## - SYSTEM CONTROL NUMBER
System control number A-955362
037 ## - SOURCE OF ACQUISITION
Source of stock number/acquisition Cen Lib/Ret
040 ## - CATALOGING SOURCE
Original cataloging agency DPL
Language of cataloging HN
082 ## - DEWEY DECIMAL CLASSIFICATION NUMBER
Classification number 808.883
Item number मिश्ररा
100 ## - MAIN ENTRY--PERSONAL NAME
Personal name मिश्र, रामदरश
9 (RLIN) 48582
245 ## - TITLE STATEMENT
Title पड़ोस की खुशबु /
Statement of responsibility, etc रामदरश मिश्र
246 ## - VARYING FORM OF TITLE
Title proper/short title Pados ki khushbu /
Remainder of title by Ramdarash Mishra
260 ## - PUBLICATION, DISTRIBUTION, ETC. (IMPRINT)
Place of publication, distribution, etc नई दिल्ली
Name of publisher, distributor, etc नमन प्रकाशन
Date of publication, distribution, etc 1999
270 ## - ADDRESS
Address 4378/4B, अंसारी रोड, दरियागंज
City नई दिल्ली
Postal code 110002
300 ## - PHYSICAL DESCRIPTION
Extent 161पृ.
Dimensions 21सेमी (सजिल्द)
650 ## - SUBJECT ADDED ENTRY--TOPICAL TERM
Topical term or geographic name as entry element हिन्दी -- साहित्य
9 (RLIN) 48583
650 ## - SUBJECT ADDED ENTRY--TOPICAL TERM
Topical term or geographic name as entry element हिन्दी -- कहानी
9 (RLIN) 779
650 ## - SUBJECT ADDED ENTRY--TOPICAL TERM
Topical term or geographic name as entry element Hindi - literature
9 (RLIN) 48584
650 ## - SUBJECT ADDED ENTRY--TOPICAL TERM
Topical term or geographic name as entry element Hindi - story
9 (RLIN) 43117
942 ## - ADDED ENTRY ELEMENTS (KOHA)
Source of classification or shelving scheme Dewey Decimal Classification
Koha item type Hindi Books
Classification part 808.883
Call number suffix मिश्ररा
Holdings
Withdrawn status Lost status Damaged status Not for loan Home library Current library Date acquired Source of acquisition Cost, normal purchase price Total Checkouts Full call number Barcode Date last seen Date checked out Copy number Cost, replacement price Price effective from Koha item type
        Central Library Central Library 10/08/2015 Cen Lib/Ret 150.00 1 808.883 मिश्ररा A-955362 27/07/2023 13/07/2023 1 150.00 10/08/2015 Hindi Books

© Delhi Public Library
Hit Counter
free hit counter